=LDR 00000nam 2200000 4500 =001 INLIS000000000810041 =005 20251009093018 =035 ##$$a 0010-1025000024 =100 ##$$a Hadi Karyanto =245 1#$$a Elektronik di Rumah Kita =260 ##$$a Bandung : :$b Intan Sejati,,$c 2007 =300 ##$$a iv,60 hlm : $b ilus ; $c 24 cm =990 ##$$a 0029394 =082 ##$$a 621.388 =084 ##$$a 621.388 HAD e =020 ##$$a 979-534-420-x =007 ta =008 251009###########################0######